| 000 | 00526cas a22001935a 4500 | ||
|---|---|---|---|
| 001 | L138789 | ||
| 008 | 070711c xxkmr p 0 a0eng u | ||
| 035 | _a(Sirsi) u138789 | ||
| 041 | 0 | _aeng | |
| 110 | 2 |
_aRoyal Institute of British Architects _92527 |
|
| 245 | 0 | 0 | _aPractice |
| 260 |
_aLondon _bRIBA _c[198-?]- |
||
| 362 | 0 | _aMay 1985-(96) June 1993 | |
| 520 | _aPublished as a supplement to RIBA Journal. | ||
| 554 | _a12 per year | ||
| 651 | 4 |
_aUnited Kingdom _y |
|
| 690 |
_aConstruction management _96230 |
||
| 942 | _n0 | ||
| 999 |
_c119036 _d119036 |
||